Tratado de topografía

Uloženo v:
Podrobná bibliografie
Hlavní autor: Pasini, Claudio (autor)
Médium: Kniha
Jazyk:španělština
Vydáno: Barcelona Gustavo Gili 1977
Vydání:2a. ed
Témata:
Tagy: Přidat tag
Žádné tagy, Buďte první, kdo vytvoří štítek k tomuto záznamu!

MARC

LEADER 00000nam a2200000 a 4500
001 UCU3240
003 CL-VaPUC
008 960502e19770000SP |||||||||||||||||spa|d
082 0 4 |a 526.9  |b PAS  |2 21 
100 |a Pasini, Claudio  |e autor  |9 360088 
245 1 0 |a Tratado de topografía 
250 |a 2a. ed 
300 |a 655 p 
942 |c BK 
945 |d 19960502 00:00:00  |a lriquelm 
260 |a Barcelona  |b Gustavo Gili  |c 1977 
650 0 |a Topografía   |9 260423 
650 7 |a INSTRUMENTOS DE MEDIDA  |2 CL-VaPUC  |9 262517 
650 0 |a Agrimensura   |9 360058 
650 7 |a LEVANTAMIENTOS TOPOGRAFICOS  |2 CL-VaPUC  |9 360089 
650 7 |a PLANIMETRIA  |2 CL-VaPUC  |9 360090 
583 |a last modification  |c 19960502 00:00:00  |k Rodrigo Vera 
999 |c 247321  |d 247319 
952 |0 0  |1 0  |4 0  |6 526_900000000000000_PAS_1977  |7 0  |8 A  |9 263166  |a BIBING  |b BIBING  |d 2019-11-19  |i 165294K  |o 526.9 PAS 1977  |p 165294K  |r 2025-01-20  |w 2019-11-19  |y BK  |k CCL 
952 |0 0  |1 0  |4 0  |6 526_900000000000000_PAS_1977  |7 0  |8 A  |9 263167  |a BIBING  |b BIBING  |d 2019-11-19  |i 1652273  |o 526.9 PAS 1977  |p 1652273  |r 2025-01-20  |w 2019-11-19  |y BK  |k CCL